000 01417nam a22003977a 4500
003 CHAP
005 20220329133728.0
008 971013s1994 r 00010 d
010 _a10042
011 _a11014
035 _a10252
040 _cCHAP
090 _aTesis
100 0 0 _aLópez Díaz, José Luis.
_967832
245 _aPrograma de desarrollo agropecuario del estado de Tamaulipas 1990-1994
260 _aChapingo, Méx. :
_bEl autor,
_c1994
300 _a90 h.
_b: ilus.
_e+ anexo
502 _aTesis (Ing. Agr. Esp. en Economía Agrícola) -- UACH. Departamento de Economía Agrícola
590 _aALEPH
_b10
_c20130110
_lUCH01
_h1226
590 _aBATCH-UPD
_b10
_c20130109
_lUCH01
_h2352
590 _aBATCH-UPD
_b10
_c20130110
_lUCH01
_h0211
590 _aBATCH-UPD
_b10
_c20130110
_lUCH01
_h1742
590 _aBATCH-UPD
_b10
_c20130409
_lUCH01
_h1925
590 _aBATCH-UPD
_b10
_c20130410
_lUCH01
_h1121
590 _aBATCH-UPD
_b10
_c20130913
_lUCH01
_h2122
590 _aCONVERSION
_b10
_c20130109
_lUCH01
_h1306
650 1 4 _aAgricultura
_xTamaulipas.
_91833
650 1 4 _aBosques
_xTamaulipas.
_914397
650 1 4 _aGanadería
_xTamaulipas.
_944852
650 1 4 _aPolítica agrícola
_xTamaulipas.
_990366
650 1 4 _aPolítica forestal
_xTamaulipas.
_990603
650 1 4 _aPolítica ganadera
_xTamaulipas.
_990644
901 _aBK
942 _cTESIS
949 _bBC
_cTES
_d-21697
_eTS1
_h26747
_i10252
_si
999 _c10042
_d10042